000 00514nam a2200181 4500
999 _c168906
_d168906
005 20191031121108.0
010 _aENG-126758
020 _a9789350334980
_c125.00
035 _aEN-110290
037 _bDBAD/PUB
082 _aN
100 _aNietzsche, Friedrich
245 _aBeyond good and evil /
_cby Friedrich Nietzsche
260 _aNoida
_bMaple Press
_c2018
270 _aA-63, Sector 58
_bNoida
_e201301
_k911204553581
_minfo@maplepress.co.in
300 _a190p.
_c21cm(pbk)
942 _2ddc
_cEN
_hN
_mNIE